Cutting tools Jigs & Fixtures (Record no. 20714)
[ view plain ]
| 000 -LEADER | |
|---|---|
| fixed length control field | 00217nam a2200109Ia 4500 |
| 082 ## - DEWEY DECIMAL CLASSIFICATION NUMBER | |
| Classification number | 621.9 |
| 100 ## - MAIN ENTRY--PERSONAL NAME | |
| Personal name | Town H.C |
| 245 ## - TITLE STATEMENT | |
| Title | Cutting tools Jigs & Fixtures |
| 260 ## - PUBLICATION, DISTRIBUTION, ETC. | |
| Name of publisher, distributor, etc. | Odhams Press |
| 300 ## - PHYSICAL DESCRIPTION | |
| Extent | 360 |
| 942 ## - ADDED ENTRY ELEMENTS (KOHA) | |
| Koha item type | BOOK |
| Withdrawn status | Lost status | Damaged status | Not for loan | Collection | Home library | Current library | Date acquired | Cost, normal purchase price | Inventory number | Total Checkouts | Full call number | Barcode | Date last seen | Cost, replacement price | Price effective from | Koha item type |
|---|---|---|---|---|---|---|---|---|---|---|---|---|---|---|---|---|
| AFT | Fr. Agnel's C.Rodrigues College of Engineering | Fr. Agnel's C.Rodrigues College of Engineering | 17/03/2023 | 45.00 | T-55 | 621.9 | AFT1597 | 17/03/2023 | 45.00 | 17/03/2023 | BOOK |